Object talks for special occasions. (Record no. 15888)

000 -LEADER
fixed length control field 00469nam a2200157 a 4500
001 - CONTROL NUMBER
control field :::00018340$&:&@@
003 - CONTROL NUMBER IDENTIFIER
control field OkBaRHE
005 - DATE AND TIME OF LATEST TRANSACTION
control field 20001020125401.0
008 - FIXED-LENGTH DATA ELEMENTS--GENERAL INFORMATION
fixed length control field j 000 0 eng u
040 ## - CATALOGING SOURCE
Transcribing agency
100 1# - MAIN ENTRY--PERSONAL NAME
Personal name Clark, Ruth
245 10 - TITLE STATEMENT
Title Object talks for special occasions.
260 ## - PUBLICATION, DISTRIBUTION, ETC. (IMPRINT)
Place of publication, distribution, etc Cincinnati, Ohio
Name of publisher, distributor, etc Standard Publishing
942 ## - ADDED ENTRY ELEMENTS (KOHA)
Source of classification or shelving scheme
Koha item type Books
Copies
Price effective from Permanent Location Withdrawn status Shelving location Date acquired Source of classification or shelving scheme Date last seen Damaged status Lost status Copy number Full call number Koha item type Not for loan Barcode
2010-04-14RHEMA Bible Training College General Stacks2010-04-14 2010-04-14  1BV 1535 .C566Books 18340